[Event "Titled Tuesday intern op 16th Apr Late"]
[Site "Chess.com INT"]
[Date "2024.04.16"]
[Round "2"]
[White "Biastoch, Bennet"]
[Black "Dudin, Gleb"]
[Result "1-0"]
[WhiteElo "2211"]
[BlackElo "2546"]
[PlyCount "103"]
[EventDate "2024.04.16"]
[EventType "swiss (blitz)"]
[EventRounds "11"]
[EventCountry "USA"]
[SourceTitle "CB17_2024"]
[SourceDate "2024.04.24"]
[SourceVersion "1"]
[SourceVersionDate "2024.04.24"]
[SourceQuality "1"]

1. e4 e5 2. Nf3 Nf6 3. Nxe5 d6 4. Nf3 Nxe4 5. d3 Nf6 6. d4 g6 7. Bd3 Bg7 8. c3 0-0 9. 0-0 a6 10. a4 b6 11. Re1 Bb7 12. Bg5 h6 13. Bxf6 Bxf6 14. Nbd2 Bg7 15. Be4 d5 16. Bd3 c5 17. Ne5 Nc6 18. Ndf3 c4 19. Bc2 b5 20. axb5 axb5 21. Rxa8 Bxa8 22. h4 b4 23. h5 g5 24. Nxc6 Bxc6 25. Ne5 Bd7 26. Nxd7 Qxd7 27. Bb1 bxc3 28. bxc3 Rb8 29. Qf3 Rb3 30. Bf5 Qd8 31. Re3 Ra3 32. g3 Kf8 33. Kg2 Bf6 34. Bg4 Kg7 35. Qf5 Ra2 36. Bf3 Ra5 37. Bd1 Kf8 38. Qh7 Bg7 39. Qf5 Ra6 40. Bf3 Rd6 41. Re2 Qd7 42. Qb1 Bf6 43. Qh7 Bg7 44. Qb1 Re6 45. Bg4 Bf6 46. Bxe6 fxe6 47. Qg6 Ke7 48. Qxh6 Qe8 49. Qh7+ Kd6 50. Qg6 Qf8 51. h6 g4 52. Qxg4 1-0

[Event "Titled Tuesday intern op 16th Apr Late"]
[Site "Chess.com INT"]
[Date "2024.04.16"]
[Round "3"]
[White "Biastoch, Bennet"]
[Black "Yanchenko, Roman"]
[Result "0-1"]
[WhiteElo "2211"]
[BlackElo "2466"]
[PlyCount "92"]
[EventDate "2024.04.16"]
[EventType "swiss (blitz)"]
[EventRounds "11"]
[EventCountry "USA"]
[SourceTitle "CB17_2024"]
[SourceDate "2024.04.24"]
[SourceVersion "1"]
[SourceVersionDate "2024.04.24"]
[SourceQuality "1"]

1. e4 e6 2. d4 d5 3. Nc3 Bb4 4. e5 Ne7 5. Bd2 b6 6. a3 Bxc3 7. Bxc3 Ba6 8. Bxa6 Nxa6 9. h4 Nb8 10. h5 h6 11. f4 c5 12. Nf3 Nbc6 13. g4 Rc8 14. Qe2 Qc7 15. Rd1 0-0 16. Rg1 cxd4 17. Nxd4 Nxd4 18. Rxd4 Nc6 19. Rd3 Kh8 20. g5 Ne7 21. gxh6 gxh6 22. Bb4 Rg8 23. Rxg8+ Rxg8 24. Bxe7 Qxe7 25. Qf2 Rg4 26. Rh3 Qc5 27. Qxc5 bxc5 28. Rf3 Rh4 29. Ke2 Rxh5 30. Rg3 Rh2+ 31. Kd3 Rf2 32. Rg4 Kh7 33. b3 a5 34. a4 h5 35. Rg5 Kh6 36. Rg8 Rxf4 37. Ra8 h4 38. Rxa5 h3 39. Ra8 Rh4 40. Rh8+ Kg5 41. Rg8+ Kf4 42. Rg1 h2 43. Rh1 Kg3 44. a5 Kg2 45. Rxh2+ Rxh2 46. a6 Rh1 0-1

[Event "Titled Tuesday intern op 02nd Apr Late"]
[Site "Chess.com INT"]
[Date "2024.04.02"]
[Round "1"]
[White "Biastoch, Bennet"]
[Black "Karas, Marek"]
[Result "1-0"]
[WhiteElo "2211"]
[BlackElo "2164"]
[PlyCount "71"]
[EventDate "2024.04.02"]
[EventType "swiss (blitz)"]
[EventRounds "11"]
[EventCountry "USA"]
[SourceTitle "CB15_2024"]
[SourceDate "2024.04.10"]
[SourceVersion "1"]
[SourceVersionDate "2024.04.10"]
[SourceQuality "1"]

1. e4 e6 2. d4 d5 3. Nc3 Nf6 4. e5 Nfd7 5. f4 c5 6. Nf3 Nc6 7. Be3 Be7 8. Qd2 0-0 9. dxc5 Qa5 10. Nd4 Bxc5 11. Be2 Nxd4 12. Bxd4 b6 13. 0-0-0 Bb7 14. Kb1 Rac8 15. a3 Bxd4 16. Qxd4 Qc5 17. h4 Qxd4 18. Rxd4 Nc5 19. h5 Rfd8 20. h6 g6 21. g4 Kf8 22. Rf1 Ke7 23. Bd3 Nxd3 24. cxd3 a5 25. f5 gxf5 26. gxf5 Ba6 27. f6+ Kd7 28. Rg1 Rg8 29. Rg7 Rxg7 30. hxg7 h5 31. Kc2 Rg8 32. Rh4 d4 33. Rxd4+ Kc7 34. Rh4 b5 35. b4 axb4 36. axb4 1-0

[Event "Titled Tuesday intern op 02nd Apr Late"]
[Site "Chess.com INT"]
[Date "2024.04.02"]
[Round "4"]
[White "Gokhale, Rishabh Chandrashek"]
[Black "Biastoch, Bennet"]
[Result "1-0"]
[WhiteElo "2079"]
[BlackElo "2211"]
[PlyCount "99"]
[EventDate "2024.04.02"]
[EventType "swiss (blitz)"]
[EventRounds "11"]
[EventCountry "USA"]
[SourceTitle "CB15_2024"]
[SourceDate "2024.04.10"]
[SourceVersion "1"]
[SourceVersionDate "2024.04.10"]
[SourceQuality "1"]

1. d4 Nf6 2. Nf3 d5 3. Bf4 c5 4. e3 Nc6 5. c3 Qb6 6. Qb3 c4 7. Qxb6 axb6 8. Na3 Ra5 9. Bc7 Rxa3 10. bxa3 Bf5 11. Bxb6 Ne4 12. Ne5 e6 13. g4 Bg6 14. Nxg6 hxg6 15. Rc1 Bxa3 16. Rc2 Kd7 17. Bg2 Nd6 18. Bc5 Bxc5 19. dxc5 Nb5 20. e4 Ne5 21. 0-0 Kc6 22. exd5+ exd5 23. Re1 f6 24. g5 Kxc5 25. a4 Nd6 26. f4 Nd3 27. Re7 Nxf4 28. Rb2 Kc6 29. a5 Nb5 30. gxf6 gxf6 31. Rf7 Nxg2 32. Rxf6+ Kc5 33. Kxg2 Nxc3 34. Rxb7 Ne4 35. Rxg6 c3 36. a6 Kd4 37. Rc7 Ke3 38. a7 d4 39. Re6 Kd3 40. h4 c2 41. Rxe4 Kxe4 42. Rxc2 Ra8 43. Ra2 Kf4 44. h5 Kg5 45. Kf3 Kxh5 46. Ke4 Kg6 47. Kxd4 Kf6 48. Kc5 Ke7 49. Kb6 Kd7 50. Kb7 1-0

[Event "Titled Tuesday intern op 13th Jun Early"]
[Site "Chess.com INT"]
[Date "2023.06.13"]
[Round "3"]
[White "Ciuffoletti, Paolo"]
[Black "Biastoch, Bennet"]
[Result "1-0"]
[WhiteElo "2106"]
[BlackElo "2270"]
[PlyCount "45"]
[EventDate "2023.06.13"]
[EventType "swiss (blitz)"]
[EventRounds "11"]
[EventCountry "USA"]
[SourceTitle "EXT 2024"]
[Source "ChessBase"]
[SourceDate "2023.10.10"]
[SourceVersion "1"]
[SourceVersionDate "2023.10.10"]
[SourceQuality "1"]

1. e4 c5 2. d4 cxd4 3. c3 Nf6 4. e5 Nd5 5. Qxd4 e6 6. Bc4 Nc6 7. Qe4 Nb6 8. Bb3 d5 9. exd6 Bxd6 10. Nf3 0-0 11. Ng5 g6 12. Qh4 h5 13. 0-0 e5 14. Nd2 Ne7 15. Nge4 Nf5 16. Qxd8 Rxd8 17. Nf3 Bc7 18. Bg5 Rf8 19. Rad1 a5 20. a4 Bd7 21. Nf6+ Kg7 22. Nxd7 Nxd7 23. Rxd7 1-0

[Event "Titled Tuesday intern op 31st Jan Early"]
[Site "Chess.com INT"]
[Date "2023.01.31"]
[Round "2"]
[White "Biastoch, Bennet"]
[Black "Preotu, Razvan"]
[Result "1-0"]
[WhiteElo "2257"]
[BlackElo "2478"]
[PlyCount "111"]
[EventDate "2023.01.31"]
[EventType "swiss (blitz)"]
[EventRounds "11"]
[EventCountry "USA"]
[SourceTitle "CBM 212 Extra"]
[Source "ChessBase"]
[SourceDate "2023.03.31"]
[SourceVersion "1"]
[SourceVersionDate "2023.03.31"]
[SourceQuality "1"]

1. e4 c5 2. Nf3 d6 3. d4 cxd4 4. Nxd4 Nf6 5. Nc3 a6 6. Be3 e5 7. Nb3 Be6 8. f3 h5 9. Qd2 Nbd7 10. Be2 Rc8 11. 0-0 b5 12. Nd5 Bxd5 13. exd5 Nb6 14. a4 Nc4 15. Bxc4 bxc4 16. Na5 Qc7 17. b4 g6 18. c3 Bg7 19. Rfd1 0-0 20. Qf2 e4 21. Bd4 Rfe8 22. Qh4 Nd7 23. Nc6 exf3 24. Ne7+ Rxe7 25. Qxe7 fxg2 26. Kxg2 Bf8 27. Qe4 Ne5 28. Bxe5 dxe5 29. b5 axb5 30. axb5 Rb8 31. Rdb1 Bc5 32. Qxc4 Qe7 33. Kh1 e4 34. Re1 e3 35. Rad1 Ra8 36. Qd3 Ra2 37. d6 Qh4 38. Re2 Rxe2 39. Qxe2 Qe4+ 40. Kg1 Qg4+ 41. Qxg4 e2+ 42. Kg2 hxg4 43. Re1 Bxd6 44. Rxe2 f5 45. Rd2 Bc5 46. Rd5 Be3 47. c4 f4 48. c5 f3+ 49. Kf1 Kf7 50. b6 Ke6 51. Rd3 Bxc5 52. b7 Ba7 53. Rd8 Kf5 54. b8Q Bxb8 55. Rxb8 Kf4 56. Kf2 1-0

[Event "Titled Tuesday intern op 31st Jan Early"]
[Site "Chess.com INT"]
[Date "2023.01.31"]
[Round "3"]
[White "Biastoch, Bennet"]
[Black "Rakhmanov, Alexander"]
[Result "1-0"]
[WhiteElo "2257"]
[BlackElo "2635"]
[PlyCount "153"]
[EventDate "2023.01.31"]
[EventType "swiss (blitz)"]
[EventRounds "11"]
[EventCountry "USA"]
[SourceTitle "CBM 212 Extra"]
[Source "ChessBase"]
[SourceDate "2023.03.31"]
[SourceVersion "1"]
[SourceVersionDate "2023.03.31"]
[SourceQuality "1"]

1. e4 c5 2. Nf3 Nf6 3. Nc3 d5 4. exd5 Nxd5 5. Bb5+ Bd7 6. Bxd7+ Qxd7 7. 0-0 Nc6 8. Nxd5 Qxd5 9. d3 g6 10. Bd2 Bg7 11. Bc3 Nd4 12. Nxd4 cxd4 13. Bb4 a5 14. Ba3 b5 15. b3 Ra7 16. Re1 Bf6 17. Re4 0-0 18. Qe2 Re8 19. Re1 e6 20. Qf3 Bg7 21. Bc1 Rc8 22. Qd1 a4 23. Bf4 axb3 24. axb3 Ra2 25. R4e2 Qc5 26. h4 Rxc2 27. b4 Qc3 28. Rxc2 Qxc2 29. Qf3 Qc3 30. Rc1 Qxc1+ 31. Bxc1 Rxc1+ 32. Kh2 Be5+ 33. g3 h5 34. Qb7 Rc2 35. Kg2 Bd6 36. Qxb5 Kg7 37. Qa6 Bxb4 38. Qa4 Rb2 39. Kf1 Bc3 40. Qc6 Rd2 41. Qe4 Rd1+ 42. Kg2 Re1 43. Qf3 Bd2 44. g4 hxg4 45. Qxg4 Bc3 46. h5 Re5 47. hxg6 f6 48. f4 Rf5 49. Kf3 Bd2 50. Qh3 Rxf4+ 51. Ke2 Kxg6 52. Kxd2 e5 53. Qg3+ Kf5 54. Qh3+ Kg5 55. Ke2 Rg4 56. Qh8 Rg3 57. Qg7+ Kh4 58. Qxf6+ Rg5 59. Kf3 Kh5 60. Qh8+ Kg6 61. Ke4 Kf7 62. Qh7+ Kf6 63. Qh8+ Kg6 64. Qg8+ Kh6 65. Qxg5+ Kxg5 66. Kxe5 Kg6 67. Kxd4 Kf6 68. Kd5 Ke7 69. Kc6 Ke6 70. d4 Ke7 71. d5 Ke8 72. Kc7 Ke7 73. d6+ Ke6 74. d7 Kd5 75. d8Q+ Kc4 76. Qd6 Kb3 77. Qc5 1-0

[Event "Titled Tuesday intern op 31st Jan Early"]
[Site "Chess.com INT"]
[Date "2023.01.31"]
[Round "9"]
[White "Buscar, Michael"]
[Black "Biastoch, Bennet"]
[Result "0-1"]
[WhiteElo "2041"]
[BlackElo "2257"]
[PlyCount "66"]
[EventDate "2023.01.31"]
[EventType "swiss (blitz)"]
[EventRounds "11"]
[EventCountry "USA"]
[SourceTitle "CBM 212 Extra"]
[Source "ChessBase"]
[SourceDate "2023.03.31"]
[SourceVersion "1"]
[SourceVersionDate "2023.03.31"]
[SourceQuality "1"]

1. e4 c5 2. Nf3 d6 3. Bb5+ Bd7 4. Qe2 g6 5. 0-0 Bg7 6. c3 Bxb5 7. Qxb5+ Qd7 8. a4 Nc6 9. Na3 Nf6 10. Qe2 0-0 11. d3 a6 12. Nc4 Qc7 13. a5 Nd7 14. Nfd2 e6 15. Nb3 d5 16. exd5 exd5 17. Ne3 Qd6 18. Qf3 Nf6 19. Re1 Ne5 20. Qe2 Rfe8 21. d4 cxd4 22. Nxd4 Nc4 23. Qf1 Rac8 24. Ra4 Nxe3 25. Rxe3 Rxe3 26. Bxe3 Ng4 27. g3 Nxe3 28. fxe3 Re8 29. Nc2 Bh6 30. Rb4 Qc7 31. Qf3 Re5 32. Rb6 Qe7 33. Kf2 Rf5 0-1

[Event "Titled Tuesday intern op 31st Jan Early"]
[Site "Chess.com INT"]
[Date "2023.01.31"]
[Round "1"]
[White "Ibarra Jerez, Jose Carlos"]
[Black "Biastoch, Bennet"]
[Result "0-1"]
[WhiteElo "2563"]
[BlackElo "2257"]
[PlyCount "80"]
[EventDate "2023.01.31"]
[EventType "swiss (blitz)"]
[EventRounds "11"]
[EventCountry "USA"]
[SourceTitle "CBM 212 Extra"]
[Source "ChessBase"]
[SourceDate "2023.03.31"]
[SourceVersion "1"]
[SourceVersionDate "2023.03.31"]
[SourceQuality "1"]

1. e4 c5 2. Nc3 a6 3. g4 b5 4. Bg2 Bb7 5. d3 e6 6. Nh3 Nc6 7. 0-0 h5 8. g5 Nge7 9. f4 Qc7 10. f5 0-0-0 11. g6 exf5 12. Ng5 Ne5 13. gxf7 b4 14. Nd5 Nxd5 15. exd5 g6 16. Bf4 Bd6 17. Qd2 Ng4 18. h3 Ne5 19. Rae1 Rhf8 20. d4 Nxf7 21. Nxf7 Rxf7 22. Bxd6 Qxd6 23. dxc5 Qxc5+ 24. Kh1 a5 25. Rf4 g5 26. Rd4 f4 27. c3 f3 28. Bf1 Rf4 29. Rxf4 gxf4 30. cxb4 Qxd5 31. Rc1+ Kb8 32. Qxf4+ d6 33. Rc5 Qd1 34. Rc1 Qd5 35. Bc4 Qc6 36. b5 Qd7 37. Kh2 Qg7 38. Qd2 Qe5+ 39. Kh1 f2+ 40. Bd5 Bxd5+ 0-1

[Event "Titled Tuesday intern op 17th Jan Early"]
[Site "Chess.com INT"]
[Date "2023.01.17"]
[Round "1"]
[White "Biastoch, Bennet"]
[Black "Andreikin, Dmitry"]
[Result "0-1"]
[WhiteElo "2257"]
[BlackElo "2729"]
[PlyCount "62"]
[EventDate "2023.01.17"]
[EventType "swiss (blitz)"]
[EventRounds "11"]
[EventCountry "USA"]
[SourceTitle "CBM 212 Extra"]
[Source "ChessBase"]
[SourceDate "2023.03.31"]
[SourceVersion "1"]
[SourceVersionDate "2023.03.31"]
[SourceQuality "1"]

1. e4 c5 2. Nf3 Nc6 3. d4 cxd4 4. Nxd4 Qb6 5. Nb3 Nf6 6. Nc3 e6 7. Be3 Qc7 8. Be2 a6 9. 0-0 Bb4 10. Bd3 0-0 11. Ne2 d5 12. c3 Bd6 13. exd5 Bxh2+ 14. Kh1 Nxd5 15. g3 Nxe3 16. fxe3 Bxg3 17. Rg1 Be5 18. Qf1 g6 19. Qh3 b5 20. Rg4 Bb7 21. Kg1 Rad8 22. Nbd4 Nxd4 23. exd4 Bg7 24. Rf1 e5 25. Rh4 exd4 26. Rxh7 dxc3 27. Nf4 Rxd3 28. Rxg7+ Kxg7 29. Qxd3 Qc5+ 30. Kh2 Rh8+ 31. Kg3 Qg5+ 0-1

[Event "Titled Tuesday intern op 17th Jan Early"]
[Site "Chess.com INT"]
[Date "2023.01.17"]
[Round "10"]
[White "Biastoch, Bennet"]
[Black "Fathy, Elameir"]
[Result "0-1"]
[WhiteElo "2257"]
[BlackElo "2300"]
[PlyCount "140"]
[EventDate "2023.01.17"]
[EventType "swiss (blitz)"]
[EventRounds "11"]
[EventCountry "USA"]
[SourceTitle "CBM 212 Extra"]
[Source "ChessBase"]
[SourceDate "2023.03.31"]
[SourceVersion "1"]
[SourceVersionDate "2023.03.31"]
[SourceQuality "1"]

1. e4 c5 2. Nf3 d6 3. d4 cxd4 4. Nxd4 Nf6 5. Nc3 a6 6. Be3 e5 7. Nb3 Be7 8. f3 Be6 9. Qd2 h5 10. Be2 Nbd7 11. Nd5 Nxd5 12. exd5 Bf5 13. 0-0 Qc7 14. c4 a5 15. c5 dxc5 16. Rac1 b6 17. Bb5 Bd6 18. Qf2 0-0 19. Nd2 Nf6 20. Bc6 Rad8 21. a3 Bd7 22. b4 axb4 23. axb4 Bxc6 24. bxc5 bxc5 25. dxc6 Qxc6 26. Bxc5 Bxc5 27. Rxc5 Qd6 28. Nc4 Qd4 29. Nxe5 Rfe8 30. Nc6 Qxf2+ 31. Rxf2 Rd1+ 32. Rf1 Rd2 33. Rg5 Ree2 34. h4 Nd5 35. Ra1 f6 36. Rg3 Ne3 37. Ra8+ Kf7 38. Ra7+ Ke6 39. Raxg7 Re1+ 40. Kh2 Nf1+ 41. Kh3 Nxg3 42. Kxg3 Rg1 43. Kh2 Rdd1 44. Nb4 Rh1+ 45. Kg3 Rhe1 46. Nc2 Re2 47. Rc7 Rdd2 48. Rc6+ Kd7 49. Nb4 Rxg2+ 50. Kf4 Rd4+ 51. Ke3 Rxb4 52. Rxf6 Rb3+ 53. Ke4 Rg3 54. Rf5 Rb4+ 55. Ke3 Rg1 56. Rxh5 Re1+ 57. Kf2 Re6 58. Rg5 Rb3 59. Kg3 Rf6 60. Kg4 Rbxf3 61. h5 R3f4+ 62. Kg3 R4f5 63. Kg4 Rxg5+ 64. Kxg5 Ke7 65. h6 Kf7 66. Kh5 Kg8 67. Kg5 Ra6 68. Kh5 Kh7 69. Kg5 Ra5+ 70. Kf4 Kxh6 0-1

[Event "Titled Tuesday intern op 17th Jan Early"]
[Site "Chess.com INT"]
[Date "2023.01.17"]
[Round "6"]
[White "Biastoch, Bennet"]
[Black "Sargissyan, Sargis"]
[Result "0-1"]
[WhiteElo "2257"]
[BlackElo "2221"]
[PlyCount "70"]
[EventDate "2023.01.17"]
[EventType "swiss (blitz)"]
[EventRounds "11"]
[EventCountry "USA"]
[SourceTitle "CBM 212 Extra"]
[Source "ChessBase"]
[SourceDate "2023.03.31"]
[SourceVersion "1"]
[SourceVersionDate "2023.03.31"]
[SourceQuality "1"]

1. e4 c5 2. Nf3 d6 3. d4 cxd4 4. Nxd4 Nf6 5. Nc3 a6 6. Be3 e5 7. Nb3 Be6 8. f3 Be7 9. Qd2 0-0 10. 0-0-0 a5 11. a4 Na6 12. g4 Nb4 13. g5 Nh5 14. Kb1 Rc8 15. Bb5 Qc7 16. h4 Rfd8 17. Rh2 d5 18. exd5 Nxd5 19. Nxd5 Rxd5 20. Qe1 Bb4 21. Qg1 e4 22. Rxd5 Bxd5 23. fxe4 Bxe4 24. Nd4 Bd6 25. Rf2 Be5 26. Qd1 Ng3 27. Bd3 Bxd4 28. Bxd4 Rd8 29. Be3 Bxd3 30. cxd3 Ne4 31. Rc2 Qd7 32. Qe2 Nd6 33. Bb6 Re8 34. Qf3 Re1+ 35. Ka2 Qxa4# 0-1

[Event "Titled Tuesday intern op 17th Jan Early"]
[Site "Chess.com INT"]
[Date "2023.01.17"]
[Round "9"]
[White "Levitan, Caleb Levi"]
[Black "Biastoch, Bennet"]
[Result "0-1"]
[WhiteElo "2006"]
[BlackElo "2257"]
[PlyCount "56"]
[EventDate "2023.01.17"]
[EventType "swiss (blitz)"]
[EventRounds "11"]
[EventCountry "USA"]
[SourceTitle "CBM 212 Extra"]
[Source "ChessBase"]
[SourceDate "2023.03.31"]
[SourceVersion "1"]
[SourceVersionDate "2023.03.31"]
[SourceQuality "1"]

1. e4 c5 2. Nf3 d6 3. d4 cxd4 4. Nxd4 Nf6 5. Nc3 a6 6. Bc4 e6 7. Bb3 b5 8. Qf3 Qc7 9. Bg5 Nbd7 10. 0-0-0 Bb7 11. Rhe1 Rc8 12. Qg3 Nc5 13. Bxf6 gxf6 14. Bd5 b4 15. Bxb7 Qxb7 16. Nd5 exd5 17. exd5+ Kd8 18. Qf4 Nd7 19. Nc6+ Kc7 20. Rd4 h5 21. Rc4 Bh6 22. Nd4+ Kb8 23. Rxc8+ Qxc8 24. Qxh6 Rxh6 25. Nc6+ Kc7 26. Re7 Rg6 27. Nxb4 Rxg2 28. Nxa6+ Qxa6 0-1

[Event "Titled Tuesday intern op 17th Jan Early"]
[Site "Chess.com INT"]
[Date "2023.01.17"]
[Round "3"]
[White "Rosenberg, Evan"]
[Black "Biastoch, Bennet"]
[Result "1-0"]
[WhiteElo "1931"]
[BlackElo "2257"]
[PlyCount "99"]
[EventDate "2023.01.17"]
[EventType "swiss (blitz)"]
[EventRounds "11"]
[EventCountry "USA"]
[SourceTitle "CBM 212 Extra"]
[Source "ChessBase"]
[SourceDate "2023.03.31"]
[SourceVersion "1"]
[SourceVersionDate "2023.03.31"]
[SourceQuality "1"]

1. d4 d5 2. Nf3 Nf6 3. c3 c5 4. dxc5 Nc6 5. b4 b6 6. b5 Nb8 7. c6 e6 8. a4 Bc5 9. e3 0-0 10. Nbd2 a6 11. Bb2 Ne8 12. c4 Nc7 13. Be2 dxc4 14. Bxc4 Qe7 15. 0-0 Rd8 16. Qc2 Nd5 17. Bxd5 Rxd5 18. Qc3 f6 19. Ne4 Bd6 20. Nxd6 Qxd6 21. Ba3 Qc7 22. e4 Rh5 23. e5 axb5 24. axb5 Ra5 25. Bd6 Qa7 26. Rxa5 bxa5 27. Bxb8 Qxb8 28. Qc5 fxe5 29. b6 g6 30. b7 Bxb7 31. cxb7 Qxb7 32. Nxe5 Qb8 33. f4 a4 34. Qe7 Rf5 35. Qxe6+ Kg7 36. Qe7+ Kg8 37. Rd1 Qb6+ 38. Kh1 Rf8 39. Nd7 Rd8 40. h3 a3 41. Nxb6 Rxd1+ 42. Kh2 a2 43. Qe6+ Kg7 44. Qxa2 Rd6 45. Qc4 Rf6 46. Qc7+ Rf7 47. Qe5+ Rf6 48. Nd5 Kh6 49. Qxf6 Kh5 50. Qg5# 1-0

[Event "Titled Tuesday intern op 15th Nov Early"]
[Site "Chess.com INT"]
[Date "2022.11.15"]
[Round "6"]
[White "Biastoch, Bennet"]
[Black "Novikova, Galina"]
[Result "1-0"]
[WhiteElo "2232"]
[BlackElo "2073"]
[PlyCount "91"]
[EventDate "2022.11.15"]
[EventType "swiss (blitz)"]
[EventRounds "11"]
[EventCountry "USA"]
[SourceTitle "CBM 211 Extra"]
[Source "ChessBase"]
[SourceDate "2023.01.31"]
[SourceVersion "1"]
[SourceVersionDate "2023.01.31"]
[SourceQuality "1"]

1. Nf3 e6 2. g3 d5 3. Bg2 c6 4. d3 Nf6 5. 0-0 Be7 6. Nc3 0-0 7. e4 b6 8. Bf4 Bb7 9. e5 Nfd7 10. a4 a6 11. h4 c5 12. Ne2 Nc6 13. c3 b5 14. d4 cxd4 15. Nexd4 Nxd4 16. Nxd4 bxa4 17. Qxa4 Nc5 18. Qc2 Rc8 19. Ra2 Ne4 20. Rfa1 Qb6 21. Qe2 h6 22. Be3 Qc7 23. Bf4 Bc5 24. Bxe4 dxe4 25. Nc2 e3 26. fxe3 Qc6 27. Kh2 Qe4 28. Ra4 Qc6 29. Nd4 Qd5 30. Ra5 Qd7 31. Qg4 Kh8 32. Qh5 Qd5 33. Qe2 Qd7 34. Qh5 Rfd8 35. Qe2 Bb6 36. Rxa6 Bxd4 37. exd4 Bxa6 38. Rxa6 Rb8 39. b4 Qc8 40. Ra7 Qxc3 41. Rxf7 Rxb4 42. Qg4 Rb2+ 43. Kh3 Rg8 44. Bxh6 gxh6 45. Qf4 Qd2 46. Qf6+ 1-0

[Event "Titled Tuesday intern op 15th Nov Early"]
[Site "Chess.com INT"]
[Date "2022.11.15"]
[Round "1"]
[White "Kollars, Dmitrij"]
[Black "Biastoch, Bennet"]
[Result "1-0"]
[WhiteElo "2611"]
[BlackElo "2232"]
[PlyCount "69"]
[EventDate "2022.11.15"]
[EventType "swiss (blitz)"]
[EventRounds "11"]
[EventCountry "USA"]
[SourceTitle "CBM 211 Extra"]
[Source "ChessBase"]
[SourceDate "2023.01.31"]
[SourceVersion "1"]
[SourceVersionDate "2023.01.31"]
[SourceQuality "1"]

1. Nf3 d5 2. g3 g6 3. Bg2 Bg7 4. d4 c6 5. 0-0 Nf6 6. c4 0-0 7. a4 Nbd7 8. a5 Re8 9. Qb3 e5 10. dxe5 Nxe5 11. Nxe5 Rxe5 12. Nc3 d4 13. Rd1 Rxa5 14. Rxa5 Qxa5 15. Rxd4 Nd7 16. Rd1 Nc5 17. Qc2 Be6 18. Ne4 Nxe4 19. Bxe4 Qb4 20. b3 a5 21. Bd2 Qc5 22. Be3 Qb4 23. Kg2 a4 24. bxa4 Qxc4 25. Rb1 Qxa4 26. Qxa4 Rxa4 27. Rxb7 h5 28. Bxc6 Ra2 29. Bf3 Kh7 30. Rc7 Ra6 31. h4 Rd6 32. Ba7 Bd5 33. Bxd5 Rxd5 34. Rxf7 Re5 35. Rxg7+ 1-0

[Event "Titled Tuesday intern op 15th Nov Early"]
[Site "Chess.com INT"]
[Date "2022.11.15"]
[Round "5"]
[White "Luxama, Jacques Muller"]
[Black "Biastoch, Bennet"]
[Result "0-1"]
[WhiteElo "1933"]
[BlackElo "2232"]
[PlyCount "74"]
[EventDate "2022.11.15"]
[EventType "swiss (blitz)"]
[EventRounds "11"]
[EventCountry "USA"]
[SourceTitle "CBM 211 Extra"]
[Source "ChessBase"]
[SourceDate "2023.01.31"]
[SourceVersion "1"]
[SourceVersionDate "2023.01.31"]
[SourceQuality "1"]

1. e4 c5 2. Nf3 Nc6 3. d4 cxd4 4. Nxd4 e5 5. Nb5 d6 6. N1c3 a6 7. Na3 b5 8. Nd5 Nge7 9. Ne3 g6 10. c4 b4 11. Nac2 Bg7 12. Be2 0-0 13. 0-0 f5 14. f3 Be6 15. Nd5 a5 16. Bg5 h6 17. Bxe7 Nxe7 18. Nce3 Rc8 19. Qa4 Bd7 20. Nxe7+ Qxe7 21. Qxa5 fxe4 22. fxe4 Qg5 23. Nd5 Bh3 24. Rxf8+ Rxf8 25. g3 Qd2 26. Nf4 exf4 27. Qd5+ Qxd5 28. exd5 f3 29. Bd3 f2+ 30. Kh1 Bxb2 31. Rb1 Bc3 32. a4 bxa3 33. c5 a2 34. Rc1 a1Q 35. Rxa1 Bxa1 36. cxd6 f1Q+ 37. Bxf1 Rxf1# 0-1

[Event "Speed Chess Q2"]
[Site "Chess.com INT"]
[Date "2022.11.12"]
[Round "12"]
[White "Biastoch, Bennet"]
[Black "Alahakoon, Isuru"]
[Result "0-1"]
[WhiteElo "2232"]
[BlackElo "1984"]
[PlyCount "28"]
[EventDate "2022.11.12"]
[EventType "swiss (blitz)"]
[EventRounds "14"]
[EventCountry "USA"]
[SourceTitle "CBM 211 Extra"]
[Source "ChessBase"]
[SourceDate "2023.01.31"]
[SourceVersion "1"]
[SourceVersionDate "2023.01.31"]
[SourceQuality "1"]

1. e4 d5 2. exd5 Qxd5 3. Nc3 Qa5 4. d4 Nf6 5. Bc4 Bg4 6. Nge2 Nc6 7. f3 Bh5 8. h4 h6 9. Bf4 0-0-0 10. Qd2 e5 11. Be3 exd4 12. Nxd4 Nxd4 13. Bxd4 c5 14. b4 Qxb4 0-1

[Event "Speed Chess Q2"]
[Site "Chess.com INT"]
[Date "2022.11.12"]
[Round "5"]
[White "Biastoch, Bennet"]
[Black "Chernov, Mikhail"]
[Result "1-0"]
[WhiteElo "2232"]
[BlackElo "2213"]
[PlyCount "51"]
[EventDate "2022.11.12"]
[EventType "swiss (blitz)"]
[EventRounds "14"]
[EventCountry "USA"]
[SourceTitle "CBM 211 Extra"]
[Source "ChessBase"]
[SourceDate "2023.01.31"]
[SourceVersion "1"]
[SourceVersionDate "2023.01.31"]
[SourceQuality "1"]

1. e4 c5 2. Nf3 Nc6 3. d4 cxd4 4. Nxd4 Nf6 5. Nc3 d6 6. Bg5 e6 7. Qd3 a6 8. 0-0-0 Bd7 9. Nxc6 Bxc6 10. h4 h6 11. Bf4 Be7 12. f3 e5 13. Be3 Qa5 14. Kb1 Rc8 15. g4 Nd7 16. Bh3 Nc5 17. Bxc5 Qxc5 18. g5 Rd8 19. g6 fxg6 20. Rhg1 0-0 21. Rxg6 Kh7 22. Bf5 Kh8 23. Rdg1 Bf6 24. Qd2 Be8 25. Qxh6+ Kg8 26. Rxg7+ 1-0

[Event "Speed Chess Q2"]
[Site "Chess.com INT"]
[Date "2022.11.12"]
[Round "6"]
[White "Fernandez Guillen, Ernesto J"]
[Black "Biastoch, Bennet"]
[Result "1-0"]
[WhiteElo "2462"]
[BlackElo "2232"]
[PlyCount "61"]
[EventDate "2022.11.12"]
[EventType "swiss (blitz)"]
[EventRounds "14"]
[EventCountry "USA"]
[SourceTitle "CBM 211 Extra"]
[Source "ChessBase"]
[SourceDate "2023.01.31"]
[SourceVersion "1"]
[SourceVersionDate "2023.01.31"]
[SourceQuality "1"]

1. e4 c5 2. Nf3 d6 3. d4 cxd4 4. Nxd4 Nf6 5. Nc3 a6 6. Bc4 e6 7. Bb3 b5 8. f3 Be7 9. Be3 0-0 10. Qd2 Nbd7 11. g4 Nc5 12. g5 Ne8 13. h4 Nxb3 14. axb3 Nc7 15. h5 d5 16. e5 Bb7 17. 0-0-0 b4 18. Na4 Nb5 19. Rdg1 Rc8 20. g6 fxg6 21. hxg6 Nxd4 22. Bxd4 h6 23. Rxh6 Bg5 24. Rh8+ Kxh8 25. Rxg5 Kg8 26. f4 Rf5 27. Qh2 Rxg5 28. Qh7+ Kf8 29. Qh8+ Ke7 30. Qxg7+ Ke8 31. Qf7# 1-0